[Event "HUN-chT2 Barcza 1819"]
[Site "Hungary"]
[Date "2019.03.31"]
[Round "10.11"]
[White "Makai, Jozsef"]
[Black "Mozsik, Tamas"]
[Result "0-1"]
[WhiteElo "1471"]
[BlackElo "1846"]
[PlyCount "70"]
[EventDate "2018.09.23"]
[EventType "team-tourn"]
[EventRounds "11"]
[EventCountry "HUN"]
[SourceTitle "EXT 2021"]
[Source "ChessBase"]
[SourceDate "2020.10.23"]
[SourceVersion "1"]
[SourceVersionDate "2020.10.23"]
[SourceQuality "1"]
[WhiteTeam "Debrecen Sakkbaratok"]
[BlackTeam "Nyiregyhaza"]
[WhiteTeamCountry "HUN"]
[BlackTeamCountry "HUN"]

1. d4 Nf6 2. c4 e6 3. Nf3 c5 4. e3 b6 5. Be2 Bb7 6. h3 Be7 7. 0-0 0-0 8. Nc3 d6 9. Re1 Nc6 10. d5 exd5 11. Nxd5 Ne5 12. b3 Nxd5 13. cxd5 Bf6 14. Rb1 Qd7 15. Nxe5 Bxe5 16. Bb2 Rae8 17. a4 Re7 18. Bxe5 Rxe5 19. Bf3 f5 20. Rb2 Rfe8 21. Rbe2 Ba6 22. Rd2 Qf7 23. Qc2 Qg6 24. Qd1 f4 25. e4 Bc8 26. Kh2 Qf6 27. g3 Rf8 28. g4 Qh4 29. Qe2 Rf6 30. Rg1 Rh5 31. Qf1 Rg5 32. Qg2 h5 33. Be2 hxg4 34. f3 g3+ 35. Kh1 Bxh3 0-1

[Event "HUN-chT2 Barcza 1718"]
[Site "Hungary"]
[Date "2017.11.26"]
[Round "4.12"]
[White "Szabo, Balint"]
[Black "Makai, Jozsef"]
[Result "1-0"]
[WhiteElo "1728"]
[BlackElo "1490"]
[PlyCount "91"]
[EventDate "2017.09.24"]
[EventType "team-tourn"]
[EventRounds "11"]
[EventCountry "HUN"]
[SourceTitle "EXT 2021"]
[Source "ChessBase"]
[SourceDate "2020.10.23"]
[SourceVersion "1"]
[SourceVersionDate "2020.10.23"]
[SourceQuality "1"]
[WhiteTeam "Lillafured DVTK II"]
[BlackTeam "Debrecen Sakkbaratok"]
[WhiteTeamCountry "HUN"]
[BlackTeamCountry "HUN"]

1. e4 e5 2. Nf3 Nc6 3. Bc4 Bc5 4. Nc3 Nf6 5. d3 d6 6. Bg5 h6 7. Bxf6 Qxf6 8. Nd5 Qd8 9. c3 a6 10. d4 exd4 11. cxd4 Ba7 12. h3 Be6 13. Ne3 Bxc4 14. Nxc4 b5 15. Ne3 Qe7 16. Qd3 0-0 17. Nd5 Qd7 18. Rc1 Rac8 19. 0-0 Ne7 20. Nxe7+ Qxe7 21. Rfe1 f6 22. Qa3 Qd7 23. Qxa6 Bb6 24. Qb7 Ra8 25. Qd5+ Kh8 26. Rc6 Ra5 27. b4 Rxa2 28. Rxb6 cxb6 29. Qxa2 Qc6 30. Qd2 Re8 31. e5 fxe5 32. dxe5 dxe5 33. Rxe5 Rxe5 34. Nxe5 Qe4 35. Nd7 Qe6 36. Kh2 Kg8 37. g3 Qc6 38. Qd4 Qc4 39. Qd6 Qe2 40. Qxb6 Qd2 41. Qb8+ Kh7 42. Nf8+ Kg8 43. Ne6+ Kh7 44. Qf4 Qb2 45. Qd4 Qxd4 46. Nxd4 1-0